Histoire de la littérature francoise au XVII siécle
Sparad:
| Huvudupphovsman: | |
|---|---|
| Materialtyp: | Bok |
| Språk: | Undetermined |
| Publicerad: |
París, Francia
Garnier
1950
|
| Ämnen: | |
| Taggar: |
Lägg till en tagg
Inga taggar, Lägg till första taggen!
|
MARC
| LEADER | 00000nam a2200000Ia 4500 | ||
|---|---|---|---|
| 008 | 170316s9999 xx 000 0 und d | ||
| 040 | |a cru BVZT | ||
| 090 | |a H-840 A-1h | ||
| 100 | |a Adam, Antoine | ||
| 245 | |a Histoire de la littérature francoise au XVII siécle | ||
| 260 | |a París, Francia | ||
| 260 | |b Garnier | ||
| 260 | |c 1950 | ||
| 300 | |a 614 páginas | ||
| 650 | |a LITERATURA FRANCESA | ||
| 999 | |c 13608 |d 13608 | ||
| 942 | |c 15 D |h H-840 A-1h |2 z | ||
